000 00421nam a22001577a 4500
005 20260306055533.0
008 230216b |||||||| |||| 00| 0 eng d
020 _a978-93-5276-684-0
082 _a822.8 WIL
100 _aOscar Wilde
245 _aThe Importance of being Earnest
_cOscar Wilde
260 _aUttar Pradesh
_bOm Books International
300 _a88 p.
_c19.8 cm
942 _2ddc
_cMAIN
999 _c9297
_d9298